00354 2200145 4500001002100000005001500021035002000036245005900056100002200115300001200137260002400149082000800173084001400181990001300195INLIS00000000000236020250528111545 a0010-05250006521 a3 Jenis Penyakit Pembunuh Manusia /cRonald H. Sitorus0 aRonald H. Sitorus a192 hlm bYilama Widya,c2006 a600 a600 RON t a07.12269